000 01030nam0a2200301 4500
001 RU\NLR\BIBL_A\022527070
005 20250715113104.0
010 _a978-5-6050632-1-6
_9100
021 _aRU
_bКН-П-25-009968
_9КН-П-25-1011
035 _a(NLR Aleph) 022527070
090 _a13453018
_c13453018
100 _a20250421d2023 u y0rusy50 ca
101 0 _arus
102 _aRU
105 _aach z 000zy
181 0 _ai
_baxxe
182 0 _an
200 1 _aБочка по морю плывет
_fЭмилия Чижкова
203 _aТекст
_bвизуальный
_cнепосредственный
210 _aКрасноярск
_cПалитра
_d2023
215 _a109, [1] с.
_cил., цв. ил., портр., факс.
_d24
300 _aВ конце кн. др. произведения авт.
686 2 _aШ6(2=Р)8-467
700 1 _aЧижкова
_bЭ. П.
_gЭмилия Петровна
942 _cBOOK
980 _aNB